[Event "DRAGOMANOV FIT 2025-MASTERS"]
[Site "Kyiv"]
[Date "2025.09.30"]
[Round "1.1"]
[White "Kislinsky, Alexey"]
[Black "Zhukovskyi, Myhaylo"]
[Result "1/2-1/2"]
[WhiteElo "2341"]
[BlackElo "2156"]
[Annotator "Prohorov,Olexandr"]
[PlyCount "60"]
[EventDate "2025.??.??"]

1. e4 c5 2. c3 Nf6 3. e5 Nd5 4. Nf3 Nc6 5. d4 cxd4 6. Bc4 Nb6 7. Bb3 d6 8. exd6
Qxd6 9. O-O Bf5 10. Nxd4 Nxd4 11. cxd4 e6 12. Nc3 Be7 13. Qf3 O-O 14. d5 Bg6
15. dxe6 fxe6 16. Qe2 Kh8 17. Qxe6 Qxe6 18. Bxe6 Bc5 19. Be3 Bxe3 20. fxe3 Rfe8
21. Bb3 Rxe3 22. Rae1 Rxe1 23. Rxe1 Re8 24. Rxe8+ Bxe8 25. Kf2 Bc6 26. g3 g6
27. Ke3 Kg7 28. h4 Kf6 29. Kf4 h6 30. a3 Nd7 $11 1/2-1/2

[Event "DRAGOMANOV FIT 2025-MASTERS"]
[Site "Kyiv"]
[Date "2025.09.30"]
[Round "1.2"]
[White "Podolskyi, Mykhailo"]
[Black "Anatskiy, Alexey"]
[Result "1-0"]
[WhiteElo "2259"]
[BlackElo "1846"]
[Annotator "Prohorov,Olexandr"]
[PlyCount "67"]
[EventDate "2025.??.??"]

1. d4 d5 2. c4 c6 3. Nc3 Nf6 4. Qc2 g6 5. Bf4 e6 6. e3 Bg7 7. h3 O-O 8. Nf3
Nbd7 9. Be2 Re8 10. O-O dxc4 11. Bxc4 b5 12. Be2 Bb7 13. Nd2 a6 14. Nde4 e5 15.
dxe5 Nxe5 16. Bg5 h6 17. Bxf6 Bxf6 18. Rad1 Qe7 19. f4 Nc4 20. Nxf6+ Qxf6 21.
Bxc4 bxc4 22. e4 Rad8 23. e5 Qf5 24. Ne4 Rxd1 25. Nf6+ Kf8 26. Qxd1 Ra8 27.
Qd6+ Kg7 28. Qe7 Bc8 29. Ne8+ Kg8 30. Nd6 Qe6 31. Qd8+ Kh7 32. f5 gxf5 33. Rxf5
Bb7 34. Qc7 1-0

[Event "DRAGOMANOV FIT 2025-MASTERS"]
[Site "Kyiv"]
[Date "2025.09.30"]
[Round "1.3"]
[White "Shton, Roman"]
[Black "Khristovoy, Roman"]
[Result "1-0"]
[WhiteElo "2081"]
[BlackElo "2111"]
[Annotator "Prohorov,Olexandr"]
[PlyCount "93"]
[EventDate "2025.??.??"]

1. d4 Nf6 2. Nf3 g6 3. c4 Bg7 4. Nc3 d6 5. Bg5 Bf5 6. e3 Ne4 7. Nxe4 Bxe4 8.
Nd2 Bf5 9. Qb3 Bc8 10. Bd3 O-O 11. O-O Nd7 12. Qc2 Qe8 13. b4 c6 14. Rfe1 h6
15. Bh4 Nf6 16. f4 e5 17. Bxf6 Bxf6 18. Ne4 Qe7 19. fxe5 dxe5 20. d5 cxd5 21.
cxd5 Bg7 22. d6 Qd8 23. Rad1 Bg4 24. Be2 Bf5 25. Bf3 Rc8 26. Qb3 Qb6 27. Nc5
Rcd8 28. d7 Qc7 29. Rc1 Qb6 30. Red1 e4 31. Bxe4 Bxe4 32. Nxe4 Qb5 33. Nc5 b6
34. a4 Qc6 35. b5 Qa8 36. Na6 Qe4 37. Nb4 Bf6 38. Nc6 Ra8 39. Rc4 Qe6 40. Qd3
Kg7 41. Re4 Qa2 42. Rf1 Bd8 43. Qd4+ Kg8 44. Re8 Qa3 45. Qd5 Kg7 46. Nxd8 Rxd8
47. Rxd8 1-0

[Event "DRAGOMANOV FIT 2025-MASTERS"]
[Site "Kyiv"]
[Date "2025.09.30"]
[Round "1.4"]
[White "Gromosiak, Antonii"]
[Black "Shkuta, Igor"]
[Result "0-1"]
[WhiteElo "1894"]
[BlackElo "1884"]
[Annotator "Prohorov,Olexandr"]
[PlyCount "174"]
[EventDate "2025.??.??"]

1. e4 e6 2. d4 d5 3. Nd2 Nf6 4. e5 Nfd7 5. Bd3 c5 6. c3 Nc6 7. Ndf3 cxd4 8.
cxd4 Qb6 9. Ne2 f6 10. exf6 Nxf6 11. O-O Bd6 12. a3 O-O 13. b4 a6 14. Bb2 Bd7
15. Qd2 Rae8 16. Qg5 h6 17. Qh4 Ne7 18. Ne5 Bb5 19. Bxb5 axb5 20. Qh3 Nc6 21.
Rad1 Bxe5 22. dxe5 Ne4 23. Bd4 Qc7 24. Qd3 Nxe5 25. Bxe5 Qxe5 26. Qxb5 Re7 27.
Qd3 Ref7 28. f3 Nd6 29. Rfe1 Qf6 30. Nd4 e5 31. Nc2 e4 32. fxe4 Qf2+ 33. Kh1
Nxe4 34. Qxd5 Qxc2 35. Rc1 Nf2+ 36. Kg1 Qf5 37. Qxf5 Rxf5 38. Rc7 Nd3 39. Rd1
b5 40. h3 Ne5 41. Rc5 Nc4 42. Rc7 Nxa3 43. Ra7 Nc2 44. Rb7 R8f7 45. Rb8+ Kh7
46. Rc1 Ne3 47. Rc3 Nd5 48. Rc5 Nxb4 49. Rbxb5 Rf1+ 50. Kh2 Nd3 51. Rc3 Nf4 52.
Rc2 Ng6 53. Rb6 R1f2 54. Rxf2 Rxf2 55. Kg3 Ra2 56. Rb5 Nf8 57. Rd5 Kg6 58. Rd6+
Kf7 59. Rb6 Ne6 60. Rb8 Kf6 61. Rb6 g5 62. Kf3 h5 63. Kg3 Ra3+ 64. Kf2 Rc3 65.
Ra6 Ke5 66. Ra4 Nc5 67. Ra8 Ne4+ 68. Kg1 Kf4 69. Kh2 Rc2 70. Rf8+ Ke3 71. Rh8
g4 72. hxg4 hxg4 73. Rg8 g3+ 74. Kh3 Rc7 75. Rf8 Rh7+ 76. Kg4 Rh2 77. Rf3+ Kd4
78. Ra3 Rxg2 79. Ra4+ Kd3 80. Ra3+ Nc3 81. Kf3 Rg1 82. Ra8 Nb5 83. Rg8 Nd4+ 84.
Kg4 Ke3 85. Kh3 Ne2 86. Re8+ Kf3 87. Ra8 Rh1# 0-1

[Event "DRAGOMANOV FIT 2025-MASTERS"]
[Site "Kyiv"]
[Date "2025.09.30"]
[Round "1.5"]
[White "Mikhalsky, Vladimir"]
[Black "Herasymenko, Maksym"]
[Result "1-0"]
[WhiteElo "2219"]
[BlackElo "1990"]
[Annotator "Prohorov,Olexandr"]
[PlyCount "151"]
[EventDate "2025.??.??"]

1. d4 d5 2. Nc3 c6 3. Bf4 Nf6 4. e3 Bf5 5. f3 h5 6. Bd3 Bxd3 7. Qxd3 e6 8. Nge2
h4 9. e4 h3 10. g4 dxe4 11. Nxe4 Nxe4 12. fxe4 Bd6 13. O-O-O Bxf4+ 14. Nxf4 Qg5
15. Qd2 Nd7 16. d5 cxd5 17. exd5 e5 18. Rde1 O-O-O 19. Nd3 Qxd2+ 20. Kxd2 Nb6
21. Nxe5 Rxd5+ 22. Kc1 Rh4 23. Rhg1 Nd7 24. Nxf7 Rd4 25. Rg3 Nf6 26. Rc3+ Kb8
27. Ne5 Rh8 28. Rd3 Rxd3 29. cxd3 Nd5 30. Re4 a6 31. Kd2 Ka8 32. Rd4 Nc7 33.
Rd7 Ne6 34. Re7 Nd4 35. Ke3 Nc2+ 36. Ke4 Rf8 37. Rf7 Rd8 38. Rxg7 Rd4+ 39. Kf3
Rb4 40. b3 Rb5 41. Kf4 Ra5 42. a4 Nd4 43. Nc4 Rc5 44. Rg8+ Ka7 45. b4 Rc7 46.
a5 Rf7+ 47. Ke4 Nc6 48. Nb6 Nb8 49. Rh8 Rf2 50. Rxh3 Rb2 51. g5 Rxb4+ 52. Nc4
Nd7 53. g6 Rb5 54. g7 Rg5 55. Rg3 Nf6+ 56. Ke3 Rh5 57. g8=Q Nxg8 58. Rxg8 Rxh2
59. Kd4 Rh4+ 60. Kc3 Rh3 61. Nd6 b5 62. Rg7+ Ka8 63. Ne4 Rh1 64. Kb4 Rc1 65.
Nc3 Rc2 66. d4 Kb8 67. d5 Rb2+ 68. Kc5 Rc2 69. Rg3 Kb7 70. d6 b4 71. Rg7+ Kc8
72. Kxb4 Rd2 73. Kc5 Rc2 74. Kb6 Kd8 75. Ne4 Rh2 76. Kc6 1-0

[Event "DRAGOMANOV FIT 2025-MASTERS"]
[Site "Kyiv"]
[Date "2025.09.30"]
[Round "1.6"]
[White "Diak, Hryhorii"]
[Black "Mamedov, Ruslan"]
[Result "1/2-1/2"]
[WhiteElo "1956"]
[BlackElo "2225"]
[Annotator "Prohorov,Olexandr"]
[PlyCount "72"]
[EventDate "2025.??.??"]

1. d4 d5 2. c4 c6 3. Nc3 Nf6 4. Nf3 e6 5. e3 Nbd7 6. Bd3 Bd6 7. O-O dxc4 8.
Bxc4 b5 9. Bd3 a6 10. e4 e5 11. Bg5 O-O 12. d5 c5 13. b3 Qa5 14. Bd2 Qc7 15.
Ne2 Nb6 16. Ng3 Bd7 17. Nh4 Rfc8 18. Nhf5 Bf8 19. Kh1 c4 20. bxc4 Nxc4 21. Bg5
Bxf5 22. Nxf5 Ne8 23. Rc1 Ned6 24. Nxd6 Qxd6 25. Bxc4 Rxc4 26. Rxc4 bxc4 27.
Bd2 Rc8 28. Bc3 g6 29. Qa1 Bg7 30. f4 f6 31. fxe5 fxe5 32. Qb2 Rf8 33. Rxf8+
Qxf8 34. Qe2 Qa3 35. Qc2 Qf8 36. Qe2 Qa3 1/2-1/2

[Event "DRAGOMANOV FIT 2025-MASTERS"]
[Site "Kyiv"]
[Date "2025.09.30"]
[Round "1.7"]
[White "Alexikov, Alexander"]
[Black "Rodin, Alexey"]
[Result "1-0"]
[WhiteElo "2176"]
[BlackElo "1830"]
[PlyCount "159"]
[EventDate "2025.??.??"]

1. e4 e5 2. Nf3 Nc6 3. Bc4 Bc5 4. d3 Nf6 5. c3 d6 6. Nbd2 O-O 7. O-O a6 8. a4
h6 9. b4 Bb6 10. Ba2 Ne7 11. Nc4 Ba7 12. Be3 Bxe3 13. Nxe3 Ng6 14. Re1 Re8 15.
g3 Be6 16. Qc2 Qd7 17. Bxe6 Rxe6 18. c4 c6 19. Re2 d5 20. Rae1 Rae8 21. Kh1 Qd8
22. Kg1 Qd6 23. Qb1 Qd7 24. Qc2 Qd6 25. c5 Qd7 26. Nf5 d4 27. Nd2 Ne7 28. Nd6
Rb8 29. N6c4 Qc7 30. Rf1 Ng6 31. Nf3 Nh7 32. Ne1 Rf8 33. f3 f5 34. exf5 Rxf5
35. Nd6 Rff6 36. f4 exf4 37. Ne8 Rxe8 38. Rxe8+ Nhf8 39. Qc4+ Kh7 40. Ng2 fxg3
41. Rxf6 gxh2+ 42. Kh1 gxf6 43. Qxd4 Kg7 44. Qd6 Qxd6 45. cxd6 Kf7 46. Rb8 Ke6
47. Rxb7 Kxd6 48. Rb6 Kc7 49. Rxa6 Kb7 50. b5 cxb5 51. axb5 Nd7 52. Kxh2 Nge5
53. Nf4 Nc5 54. Ra3 Nf3+ 55. Kg3 Nd4 56. Kf2 Nxb5 57. Ra1 Kc6 58. Rh1 Nc3 59.
Rxh6 Nd5 60. Nxd5 Kxd5 61. Ke3 Nd7 62. Rh5+ Ke6 63. d4 Nb6 64. Kd3 Nd5 65. Kc4
Nb6+ 66. Kb5 Nd5 67. Kc5 Nf4 68. d5+ Kf7 69. Rh7+ Kg6 70. Re7 Nd3+ 71. Kb6 Nf4
72. d6 Nd5+ 73. Kc6 Nxe7+ 74. dxe7 f5 75. e8=Q+ Kg5 76. Kd5 Kf4 77. Kd4 Kf3 78.
Qe3+ Kg4 79. Qf2 f4 80. Ke4 1-0

[Event "DRAGOMANOV FIT 2025-MASTERS"]
[Site "Kyiv"]
[Date "2025.09.30"]
[Round "1.8"]
[White "Nikolaev, Leonid"]
[Black "Khristovoy, Dmitriy"]
[Result "1/2-1/2"]
[WhiteElo "2206"]
[BlackElo "2163"]
[Annotator "Prohorov,Olexandr"]
[PlyCount "63"]
[EventDate "2025.??.??"]

1. Nf3 g6 2. d4 Bg7 3. g3 Nf6 4. Bg2 O-O 5. O-O d5 6. c3 c5 7. Ne5 Qb6 8. dxc5
Qxc5 9. Nd2 Nc6 10. Ndf3 Ne4 11. Bf4 Rd8 12. Nd3 Qa5 13. Qb3 e5 14. Be3 Qc7 15.
Rad1 h6 16. Nb4 Be6 17. Nxd5 Rxd5 18. Rxd5 Na5 19. Qd1 Nc4 20. Bc1 Nf6 21. Rb5
a6 22. Rb4 a5 23. Rb5 Bd7 24. Rxb7 Qxb7 25. Nxe5 Qxg2+ 26. Kxg2 Nxe5 27. Bf4
Bc6+ 28. f3 Nd5 29. e4 Nxf4+ 30. gxf4 Nd7 31. e5 Nf8 32. Qd6 $11 1/2-1/2

[Event "DRAGOMANOV FIT 2025-MASTERS"]
[Site "Kyiv"]
[Date "2025.09.30"]
[Round "1.9"]
[White "Mikhaletz, Lubomir"]
[Black "Zhukovskyi, Oleksandr"]
[Result "1/2-1/2"]
[WhiteElo "2256"]
[BlackElo "2145"]
[Annotator "Prohorov,Olexandr"]
[PlyCount "141"]
[EventDate "2025.??.??"]

1. Nf3 Nf6 2. g3 g6 3. b4 d5 4. Bb2 Bg7 5. Bg2 a5 6. b5 a4 7. c4 dxc4 8. Na3 c6
9. bxc6 Nxc6 10. Nxc4 O-O 11. Rc1 Be6 12. Ng5 Bd5 13. e4 Bxc4 14. Rxc4 Qa5 15.
Bxf6 exf6 16. Nf3 Qb5 17. d3 f5 18. O-O fxe4 19. Rxe4 Bb2 20. Qb1 a3 21. Nd2
Ne5 22. Nc4 Nxc4 23. dxc4 Qb4 24. Rd1 Rad8 25. Bf1 Qc3 26. Re3 Qf6 27. Red3 Rd4
28. Bg2 Rxc4 29. Bxb7 Rc7 30. Bd5 Rfc8 31. Rf3 Qe5 32. Qd3 Rc3 33. Bxf7+ Kg7
34. Qd5 Rxf3 35. Qxf3 Bd4 36. Qd3 Rd8 37. Qb3 Rf8 38. Qd5 Bxf2+ 39. Kg2 Bxg3
40. hxg3 Qe2+ 41. Kh3 Rxf7 42. Qd4+ Rf6 43. Rc1 g5 44. Rc3 Qf1+ 45. Kh2 Qe2+
46. Kh3 Qf1+ 47. Kh2 Qf2+ 48. Qxf2 Rxf2+ 49. Kh3 Rxa2 50. Kg4 Kf6 51. Rc6+ Ke5
52. Rh6 Rg2 53. Rxh7 Kd4 54. Ra7 a2 55. Kf3 Rc2 56. Kg4 Kc3 57. Kxg5 Kb2 58.
Rb7+ Kc1 59. Ra7 Kb1 60. g4 a1=Q 61. Rxa1+ Kxa1 62. Kf6 Rf2+ 63. Ke6 Re2+ 64.
Kf6 Kb2 65. g5 Kc3 66. g6 Rf2+ 67. Ke7 Rg2 68. Kf7 Kd4 69. g7 Ke5 70. g8=Q Rxg8
71. Kxg8 1/2-1/2

[Event "DRAGOMANOV FIT 2025-MASTERS"]
[Site "Kyiv"]
[Date "2025.09.30"]
[Round "1.10"]
[White "Romanov, Vladimir"]
[Black "Vashchenko, Illia"]
[Result "1-0"]
[WhiteElo "1925"]
[BlackElo "1808"]
[Annotator "Prohorov,Olexandr"]
[PlyCount "139"]
[EventDate "2025.??.??"]

1. e4 c5 2. Nc3 a6 3. g3 b5 4. Bg2 Bb7 5. f4 e6 6. Qe2 Nc6 7. Nf3 Rc8 8. d3 Nd4
9. Qf2 Nf6 10. h3 d5 11. e5 Nd7 12. O-O h5 13. Kh2 Nf5 14. Bd2 b4 15. Ne2 a5
16. a3 Ba6 17. axb4 cxb4 18. Ned4 Bc5 19. Be3 Bxd4 20. Nxd4 Nxd4 21. Bxd4 Qc7
22. f5 Rf8 23. Rac1 b3 24. cxb3 Qxc1 25. Rxc1 Rxc1 26. Bc3 Bxd3 27. Qd2 Rxc3
28. Qxc3 Bxf5 29. Qxa5 Nxe5 30. Qc7 f6 31. b4 Nd7 32. Qd6 Rf7 33. b5 Nf8 34. b6
Rd7 35. Qb8+ Rd8 36. Qc7 Bd3 37. Qxg7 Nd7 38. Bf3 Rb8 39. Bxh5+ Kd8 40. Qg4
Rxb6 41. Qd4 Be4 42. b4 e5 43. Qc3 d4 44. Qb3 Rc6 45. Bf3 Bxf3 46. Qxf3 Rc3 47.
Qd5 Ke7 48. h4 d3 49. Kh3 f5 50. h5 Rc1 51. Qxd3 Rh1+ 52. Kg2 Rxh5 53. b5 f4
54. Qg6 Nf6 55. b6 f3+ 56. Kg1 f2+ 57. Kxf2 Rh2+ 58. Ke1 Rb2 59. Qg7+ Ke6 60.
Qc7 Nd7 61. Qc6+ Ke7 62. b7 Kd8 63. g4 Rb1+ 64. Kd2 e4 65. Qxe4 Rb6 66. g5 Kc7
67. g6 Nf6 68. Qf3 Kd7 69. g7 Ke7 70. Qe3+ 1-0

[Event "DRAGOMANOV FIT 2025-MASTERS"]
[Site "Kyiv"]
[Date "2025.10.01"]
[Round "2.1"]
[White "Anatskiy, Alexey"]
[Black "Kislinsky, Alexey"]
[Result "0-1"]
[WhiteElo "1846"]
[BlackElo "2341"]
[PlyCount "60"]
[EventDate "2025.??.??"]

1. d4 Nf6 2. Bg5 c5 3. Bxf6 gxf6 4. d5 f5 5. g3 Qb6 6. Qc1 Bg7 7. c3 d6 8. Bg2
Nd7 9. Nh3 h5 10. Na3 Ne5 11. Nf4 h4 12. Qc2 Bd7 13. Rb1 Qa6 14. Nd3 hxg3 15.
hxg3 Rxh1+ 16. Bxh1 O-O-O 17. Nxe5 Bxe5 18. Qd3 Qa4 19. Bf3 f4 20. g4 Rg8 21.
Kd2 b5 22. Rg1 b4 23. Nc2 bxc3+ 24. bxc3 f5 25. e4 fxg4 26. Qe2 g3 27. a3 Bb5
28. Bg4+ Kc7 29. Qf3 gxf2 30. Qxf2 Qxe4 0-1

[Event "DRAGOMANOV FIT 2025-MASTERS"]
[Site "Kyiv"]
[Date "2025.10.01"]
[Round "2.2"]
[White "Khristovoy, Roman"]
[Black "Podolskyi, Mykhailo"]
[Result "1/2-1/2"]
[WhiteElo "2111"]
[BlackElo "2259"]
[Annotator "Prohorov,Olexandr"]
[PlyCount "61"]
[EventDate "2025.??.??"]

1. c4 e6 2. Nf3 d5 3. g3 c6 4. Bg2 dxc4 5. Qc2 b5 6. a4 Bb7 7. b3 cxb3 8. Qxb3
a6 9. O-O Nd7 10. d4 Qb6 11. Ne5 Ngf6 12. Nxd7 Nxd7 13. Be3 Qc7 14. axb5 axb5
15. Rxa8+ Bxa8 16. Nc3 Qa5 17. Qb2 b4 18. Ne4 Qa3 19. Qxa3 bxa3 20. Ra1 Bb4 21.
Bc1 c5 22. Nxc5 Nxc5 23. dxc5 Bxg2 24. Kxg2 Bxc5 25. Bxa3 Bxa3 26. Rxa3 O-O 27.
h4 h5 28. Ra5 g6 29. e3 Rb8 30. Kf3 Rb2 31. Ke4 $11 1/2-1/2

[Event "DRAGOMANOV FIT 2025-MASTERS"]
[Site "Kyiv"]
[Date "2025.10.01"]
[Round "2.3"]
[White "Shkuta, Igor"]
[Black "Shton, Roman"]
[Result "1/2-1/2"]
[WhiteElo "1884"]
[BlackElo "2081"]
[Annotator "Prohorov,Olexandr"]
[PlyCount "53"]
[EventDate "2025.??.??"]

1. d4 Nf6 2. c4 e6 3. Nf3 d5 4. Nc3 Bb4 5. Bg5 h6 6. Bxf6 Qxf6 7. e3 O-O 8. Qb3
Nc6 9. a3 Bxc3+ 10. Qxc3 Re8 11. Ne5 Nxe5 12. dxe5 Qg6 13. h4 c5 14. h5 Qe4 15.
Bd3 Qxg2 16. O-O-O Qxf2 17. Bc2 Qe2 18. cxd5 exd5 19. e6 Bxe6 20. Rhg1 Bg4 21.
Rde1 Qf2 22. Ref1 Qe2 23. Re1 Qf2 24. Ref1 Qe2 25. Re1 Qf2 26. Ref1 Qe2 27. Re1
$11 1/2-1/2

[Event "DRAGOMANOV FIT 2025-MASTERS"]
[Site "Kyiv"]
[Date "2025.10.01"]
[Round "2.4"]
[White "Herasymenko, Maksym"]
[Black "Gromosiak, Antonii"]
[Result "1-0"]
[WhiteElo "1990"]
[BlackElo "1894"]
[PlyCount "65"]
[EventDate "2025.??.??"]

1. d4 Nf6 2. c4 g6 3. Nc3 Bg7 4. e4 d6 5. Be2 O-O 6. Nf3 e5 7. O-O Nc6 8. d5
Ne7 9. Ne1 a5 10. Be3 Nd7 11. a3 f5 12. f3 fxe4 13. fxe4 Rxf1+ 14. Kxf1 Qf8+
15. Kg1 Bh6 16. Bf2 Nf6 17. c5 dxc5 18. Bxc5 b6 19. Bf2 Bb7 20. Nd3 Bg7 21. Bg3
c6 22. d6 Nc8 23. Nxe5 Nxd6 24. Qb3+ Kh8 25. Rd1 Nfe8 26. Qxb6 Qe7 27. Nxc6
Bxc6 28. Qxc6 Rc8 29. Bxd6 Qa7+ 30. Bc5 Qxc5+ 31. Qxc5 Rxc5 32. Rd8 Re5 33. Bb5
1-0

[Event "DRAGOMANOV FIT 2025-MASTERS"]
[Site "Kyiv"]
[Date "2025.10.01"]
[Round "2.5"]
[White "Mamedov, Ruslan"]
[Black "Mikhalsky, Vladimir"]
[Result "1/2-1/2"]
[WhiteElo "2225"]
[BlackElo "2219"]
[PlyCount "103"]
[EventDate "2025.??.??"]

1. e4 g6 2. d4 Bg7 3. Nc3 d6 4. f4 a6 5. Nf3 b5 6. Bd3 c5 7. dxc5 dxc5 8. e5
Bb7 9. O-O Nd7 10. Be4 Bxe4 11. Nxe4 Qb6 12. Be3 Qc6 13. Qd3 Nh6 14. Rad1 Ng4
15. Bc1 h5 16. h3 Nh6 17. Qd5 Rc8 18. Qxc6 Rxc6 19. Rd5 e6 20. Rd3 c4 21. Rd6
Rxd6 22. Nxd6+ Ke7 23. Bd2 Nf5 24. Bb4 Nxd6 25. Bxd6+ Ke8 26. b3 Nb6 27. Nd2
Bf8 28. bxc4 Bxd6 29. exd6 Nxc4 30. Nxc4 bxc4 31. Rb1 Kd7 32. Rb6 a5 33. Kf2
Rc8 34. Ke3 Rc5 35. Rb7+ Kxd6 36. Rxf7 g5 37. g4 hxg4 38. hxg4 gxf4+ 39. Rxf4
c3 40. Kd3 Rc7 41. Ra4 Rc5 42. Rf4 Rc7 43. g5 Ke5 44. Rf8 Rg7 45. Ra8 Kf4 46.
Rxa5 e5 47. Ra4+ Kf3 48. Kxc3 Rxg5 49. Kd3 Rg8 50. Rh4 Rd8+ 51. Kc4 e4 52. Rh7
1/2-1/2

[Event "DRAGOMANOV FIT 2025-MASTERS"]
[Site "Kyiv"]
[Date "2025.10.01"]
[Round "2.6"]
[White "Rodin, Alexey"]
[Black "Diak, Hryhorii"]
[Result "1-0"]
[WhiteElo "1830"]
[BlackElo "1956"]
[PlyCount "83"]
[EventDate "2025.??.??"]

1. d4 Nf6 2. c4 e6 3. Nf3 b6 4. g3 Bb7 5. Bg2 d5 6. O-O Nbd7 7. Nc3 Be7 8. Nd2
c5 9. cxd5 exd5 10. dxc5 bxc5 11. Nc4 Nb6 12. Na5 Ba6 13. Nc6 Qd7 14. Nxe7 Kxe7
15. Bg5 Rad8 16. Re1 h6 17. Bxf6+ Kxf6 18. Qc2 Bb7 19. Rad1 g5 20. a4 a5 21.
Qb3 Qe6 22. Qb5 Qc6 23. Qxa5 Nc4 24. Qb5 Qxb5 25. axb5 Nxb2 26. Nxd5+ Bxd5 27.
Rxd5 Rxd5 28. Bxd5 Rb8 29. Bc6 c4 30. Rc1 Ke5 31. Rc2 Kd4 32. Rxb2 Kc3 33. Rb1
f5 34. Bd7 Kd2 35. Bxf5 c3 36. b6 Kxe2 37. Rc1 Rxb6 38. Rxc3 Rf6 39. Re3+ Kd2
40. g4 h5 41. Kg2 h4 42. Re6 1-0

[Event "DRAGOMANOV FIT 2025-MASTERS"]
[Site "Kyiv"]
[Date "2025.10.01"]
[Round "2.7"]
[White "Khristovoy, Dmitriy"]
[Black "Alexikov, Alexander"]
[Result "1-0"]
[WhiteElo "2163"]
[BlackElo "2176"]
[PlyCount "115"]
[EventDate "2025.??.??"]

1. e4 e6 2. d4 d5 3. Nc3 Nf6 4. Bg5 Bb4 5. e5 h6 6. Bd2 Bxc3 7. bxc3 Ne4 8. Qg4
g6 9. Bd3 Nxd2 10. Kxd2 c5 11. Nf3 Nc6 12. h4 c4 13. Be2 Kd7 14. Qf4 Qe7 15.
Nh2 b5 16. Rhb1 Rb8 17. Ng4 b4 18. cxb4 Rxb4 19. c3 Rxb1 20. Rxb1 h5 21. Nf6+
Kc7 22. Bd1 Bb7 23. Bc2 Nb8 24. f3 Bc6 25. Qe3 Nd7 26. Nxd7 Bxd7 27. g3 Bc6 28.
Qf4 Rg8 29. Qh6 Qf8 30. Qxf8 Rxf8 31. Ke3 Kd7 32. Kf4 Ke7 33. Kg5 Rh8 34. a4 a5
35. Rb6 Bd7 36. Rb7 Rd8 37. Kh6 Kf8 38. Kh7 Bc6 39. Rb6 Be8 40. g4 g5 41. hxg5
h4 42. g6 fxg6 43. Bxg6 h3 44. Bxe8 h2 45. Rb1 Rxe8 46. Rh1 Re7+ 47. Kg6 Rf7
48. Rxh2 Rxf3 49. g5 Ke7 50. Rh7+ Kd8 51. Ra7 Rxc3 52. Kf6 Rd3 53. g6 Rxd4 54.
g7 Rg4 55. Kxe6 c3 56. Kd6 Kc8 57. Rc7+ Kb8 58. Rxc3 1-0

[Event "DRAGOMANOV FIT 2025-MASTERS"]
[Site "Kyiv"]
[Date "2025.10.01"]
[Round "2.8"]
[White "Zhukovskyi, Oleksandr"]
[Black "Nikolaev, Leonid"]
[Result "1/2-1/2"]
[WhiteElo "2145"]
[BlackElo "2206"]
[Annotator "Prohorov,Olexandr"]
[PlyCount "38"]
[EventDate "2025.??.??"]

1. e4 c6 2. d4 d5 3. exd5 cxd5 4. Bd3 Nc6 5. c3 Nf6 6. h3 e5 7. dxe5 Nxe5 8.
Qe2 Qe7 9. Bb5+ Bd7 10. Be3 Qe6 11. Nd2 Bd6 12. Ngf3 Nc6 13. O-O O-O 14. Nd4
Qe5 15. N4f3 Qh5 16. Nh2 Qe5 17. Nhf3 Qh5 18. Nh2 Qe5 19. Nhf3 Qh5 $11 1/2-1/2

[Event "DRAGOMANOV FIT 2025-MASTERS"]
[Site "Kyiv"]
[Date "2025.10.01"]
[Round "2.9"]
[White "Vashchenko, Illia"]
[Black "Mikhaletz, Lubomir"]
[Result "0-1"]
[WhiteElo "1808"]
[BlackElo "2256"]
[PlyCount "52"]
[EventDate "2025.??.??"]

1. d4 d6 2. Nf3 Bg4 3. e4 Nf6 4. h3 Bxf3 5. Qxf3 c6 6. Be3 Nbd7 7. Nc3 e6 8.
Be2 d5 9. O-O Bb4 10. e5 Ng8 11. Qg3 Kf8 12. f4 Ne7 13. Bd3 g6 14. f5 Nxf5 15.
Bxf5 exf5 16. Bh6+ Ke8 17. Qe3 Nf8 18. g4 fxg4 19. e6 Nxe6 20. Qe5 Rf8 21. Bxf8
Bxf8 22. hxg4 Bg7 23. Qh2 Qg5 24. Qxh7 Qxg4+ 25. Kh1 Ke7 26. Rg1 Qf3+ 0-1

[Event "DRAGOMANOV FIT 2025-MASTERS"]
[Site "Kyiv"]
[Date "2025.10.01"]
[Round "2.10"]
[White "Zhukovskyi, Myhaylo"]
[Black "Romanov, Vladimir"]
[Result "1-0"]
[WhiteElo "2156"]
[BlackElo "1925"]
[PlyCount "83"]
[EventDate "2025.??.??"]

1. Nf3 Nf6 2. g3 g6 3. Bg2 Bg7 4. O-O O-O 5. d4 d6 6. c4 Nc6 7. Nc3 Bg4 8. Bf4
Nd7 9. d5 Nce5 10. Nd2 Nb6 11. h3 Bd7 12. Qb3 c6 13. Bxe5 Bxe5 14. dxc6 Bxc6
15. Nf3 Bg7 16. Rac1 Qd7 17. Rfd1 Na4 18. Ne5 Bxe5 19. Bxc6 bxc6 20. Qxa4 Qxh3
21. Qxc6 Rac8 22. Qf3 Rxc4 23. Nd5 Rxc1 24. Nxe7+ Kg7 25. Rxc1 Bxb2 26. Rc7 Bd4
27. Qd3 Bc5 28. Qc3+ Kh6 29. Qf3 Rb8 30. Qf4+ Kg7 31. Rxc5 Qe6 32. Qd4+ Kh6 33.
Qd2+ Kg7 34. Rc7 Rb1+ 35. Kg2 Qe4+ 36. f3 Qe5 37. Qc3 Qxc3 38. Rxc3 Rb2 39. Kf2
Rxa2 40. Nc8 d5 41. Rd3 Ra5 42. Ne7 1-0